| 000 | 00510nam a22001457a 4500 | ||
|---|---|---|---|
| 008 | 230619b xxu||||| |||| 00| 0 eng d | ||
| 082 |
_a304.67 _bMOPND |
||
| 100 | _coffice of the vice president Ministry of planning and National development | ||
| 110 |
_bCentral Bureau of Statistics _dApril 1996 |
||
| 245 |
_aKenya Population Census 1989 _bAnalytical Report Volume 10 |
||
| 260 |
_aKenya _bMinistry of planning and National development _cApril 1996 |
||
| 300 | _a95p | ||
| 440 | _vvolume 10 | ||
| 942 |
_2ddc _cBK |
||
| 999 |
_c1347 _d1347 |
||